00758 a2200145 4500003000500000005001700005040000900022082001500031100002000046245005300066260002800119300001000147505044500157650001000602Nust20230119185202.0 cNust a808.82,JOS aJoseph ,Michael aShort Story Writing For Profit /cMichael Joseph aLondonbHutchinson & Co a230:p aForeword: Stacy Aumonier (Page-vii), Introductory Note (Page-xiii), The Magazine Story (Page-1), Plot (Page-18), The Composition of the Short Story, The Opening (Page-40), The Body of the Story (Page-63), The Climax (Page-86), Character (Page-103), Dialogue (Page-119), Style (Page-133), Local Colour and Some Types of Short Story (Page-143), A Short Story Analysed (Page-163), The Commercial Side (Page-179), What Editors Want (Page-193).  aStory